Logo BPK

Biblioteka

Politechniki Koszalińskiej

Przewodnik po Unixie / (Rekord nr 6285)

Szczegóły MARC
000 -ETYKIETA REKORDU
podpole kontrolne o stałej długości 00508nam a2200205 i 4500
001 - NUMER KONTROLNY REKORDU
pole kontrolne bg
020 ## - MIĘDZYNARODOWY ZNORMALIZOWANY NUMER KSIĄŻKI - ISBN
ISBN 8371010729
040 ## - ŹRÓDŁO KATALOGOWANIA
Instytucja, która utworzyła rekord BPK
041 ## - KOD JĘZYKA
Kod języka tekstu pol
080 ## - UNIWERSALNA KLASYFIKACJA DZIESIĘTNA - UKD
UKD 004.451
920 ## - Międzynarodowy znormalizowany numer książki – ISBN
ISBN 83-7101-072-9
008 - POLE O STAŁEJ DŁUGOŚCI - DANE KONTROLNE
podpole kontrolne o stałej długości s pl f |000 0 pol
100 1# - NAZWA OSOBOWA
Nazwa osobowa NORTON, Peter
245 #0 - TYTUŁ/ODPOWIEDZIALNOŚĆ
Tytuł Przewodnik po Unixie /
Pozostałe elementy strefy tytułu i oznaczenia odpowiedzialności Peter Norton, Harley Hahn ; [tł. z ang.].
260 ## - STREFA ADRESU WYDAWNICZEGO
Miejsce wydania Warszawa :
Nazwa wydawcy/dystrybutora Wydaw. PLJ,
Data publikacji, dystrybucji/powstania dokumentu 1993.
300 ## - STREFA OPISU FIZYCZNEGO
Objętość XX, 431 s. ;
Rozmiary 24 cm.
650 #9 - HASŁO PRZEDMIOTOWE W FORMIE NAZWY OGÓLNEJ LUB JEDNOSTKOWEJ
Nazwa ogólna lub geograficzna UNIX
700 1# - HASŁO DODATKOWE - NAZWA OSOBOWA
Nazwa osobowa HAHN, Harley
856 ## - LOKALIZACJA I DOSTĘP DO ELEKTRONICZNYCH DOKUMENTÓW ZDALNYCH
Link (URL) http://koha.tu.koszalin.pl/cgi-bin/koha/opac-detail.pl?biblionumber=6285
Tekst linku Katalog online BPK
942 ## - DODATKOWE ELEMENTY (KOHA)
Typ dokumentu Książka
Egzemplarze
Wycofany Status egzemplarza Uszkodzony Dostępność Lokalizacja stała Lokalizacja bieżąca Miejsce przechowywania Sygnatura Kod kreskowy Typ dokumentu
      Dostępny Biblioteka Politechniki Koszalińskiej Biblioteka Politechniki Koszalińskiej Wypożyczalnia BG P 46933 01590609 Książka
© 2023 Biblioteka Politechniki Koszalińskiej :: KOHA